[Event "36th ECC Open 2021"]
[Site "Struga MKD"]
[Date "2021.09.20"]
[Round "3.17"]
[Board "1"]
[White "Stefanovski, Dushan"]
[Black "Reizniece-Ozola, Dana"]
[Result "0-1"]
[WhiteTitle "FM"]
[BlackTitle "WGM"]
[WhiteElo "2222"]
[BlackElo "2283"]
[WhiteTeam "Gostivar"]
[BlackTeam "Wasa SK"]
[WhiteFideId "15000320"]
[BlackFideId "11601124"]
[EventDate "2021.09.18"]
[EventType "team"]

1. e4 d6 2. Nf3 Nf6 3. Nc3 g6 4. Bc4 Bg7 5. O-O O-O 6. d3 c5 7. Bg5 Nc6 8. Qd2
Bg4 9. Ne1 Nd4 10. Bh6 Bxh6 11. Qxh6 b5 12. f3 bxc4 13. fxg4 Nxg4 14. Qh4 Ne5
15. dxc4 Nxc4 16. Nd5 f6 17. c3 Ne6 18. Qh3 Ng5 19. Qd3 Ne5 20. Qe2 Qd7 21. h4
Ne6 22. Nd3 Nxd3 23. Qxd3 Kg7 24. Rad1 Nd8 25. h5 Nf7 26. hxg6 hxg6 27. Qg3 Rh8
28. Ne3 Rh5 29. Nf5+ Kh7 30. Nh4 Rg8 31. Rd5 Ne5 32. Rfd1 Rg5 33. Qf2 Qg4 34.
Rf1 Qxe4 35. Rd2 Kg7 36. Re2 Qg4 37. Nf3 Rf5 38. Rxe5 Rxe5 39. Nxe5 dxe5 0-1

[Event "36th ECC Open 2021"]
[Site "Struga MKD"]
[Date "2021.09.20"]
[Round "3.17"]
[Board "2"]
[White "Cramling, Dan"]
[Black "Organdziev, Oliver"]
[Result "1/2-1/2"]
[WhiteTitle "IM"]
[BlackTitle "FM"]
[WhiteElo "2292"]
[BlackElo "2249"]
[WhiteTeam "Wasa SK"]
[BlackTeam "Gostivar"]
[WhiteFideId "1700162"]
[BlackFideId "15000419"]
[EventDate "2021.09.18"]
[EventType "team"]

1. d4 d5 2. c4 Bf5 3. Nc3 e6 4. Nf3 c6 5. Qb3 Qb6 6. c5 Qc7 7. Bf4 Qc8 8. Nh4
Be7 9. Nxf5 exf5 10. e3 Nf6 11. Bd3 g6 12. h3 Nbd7 13. Rc1 Nf8 14. Be5 N8d7 15.
Bf4 Bd8 16. O-O O-O 17. f3 Kg7 18. Bd6 Re8 19. e4 Bc7 20. exd5 cxd5 21. Bb5 a6
22. Bxd7 Qxd7 23. Bxc7 Qxc7 24. Nxd5 Qd7 25. Nxf6 Qxd4+ 26. Kh1 Qxf6 27. Rfe1
Rxe1+ 28. Rxe1 Rc8 29. Qxb7 Rxc5 30. Qe7 Rc2 31. Qxf6+ Kxf6 32. Rb1 Ke5 33. a4
a5 34. b4 Rc4 35. bxa5 Rxa4 36. Rb5+ Kf4 37. Kh2 Kg5 38. Rb7 Rxa5 39. Rxf7 1/2-1/2

[Event "36th ECC Open 2021"]
[Site "Struga MKD"]
[Date "2021.09.20"]
[Round "3.17"]
[Board "3"]
[White "Miljkovic, Mihajlo"]
[Black "Nordstrom, Felix"]
[Result "1/2-1/2"]
[BlackTitle "FM"]
[WhiteElo "2217"]
[BlackElo "2083"]
[WhiteTeam "Gostivar"]
[BlackTeam "Wasa SK"]
[WhiteFideId "922757"]
[BlackFideId "1701509"]
[EventDate "2021.09.18"]
[EventType "team"]

1. d4 d5 2. Nf3 Nf6 3. Bf4 c5 4. c3 e6 5. e3 Bd6 6. Bg3 O-O 7. Nbd2 b6 8. Bd3
Bb7 9. Ne5 Qc7 10. Qb1 h6 11. O-O Nh5 12. f4 Nxg3 13. hxg3 Ba6 14. Bxa6 Nxa6 15.
Qd3 Nb8 16. Ndf3 Nd7 17. g4 Nxe5 18. fxe5 1/2-1/2

[Event "36th ECC Open 2021"]
[Site "Struga MKD"]
[Date "2021.09.20"]
[Round "3.17"]
[Board "4"]
[White "Wenzel, Birger"]
[Black "Dinev, Dejan"]
[Result "1/2-1/2"]
[BlackTitle "FM"]
[WhiteElo "1974"]
[BlackElo "2204"]
[WhiteTeam "Wasa SK"]
[BlackTeam "Gostivar"]
[WhiteFideId "4657497"]
[BlackFideId "15000095"]
[EventDate "2021.09.18"]
[EventType "team"]

1. Nf3 d5 2. g3 Nf6 3. Bg2 e6 4. c4 Be7 5. O-O O-O 6. Ne5 Nbd7 7. d4 Nxe5 8.
dxe5 Nd7 9. cxd5 Nxe5 10. dxe6 fxe6 11. Qxd8 Rxd8 12. Nc3 c6 13. Bf4 Nc4 14. b3
e5 15. Bc1 Bb4 16. Ne4 Na3 17. Bg5 Rd5 18. Rac1 Bg4 19. f3 Be6 20. Rfd1 h6 21.
Be3 b6 22. Nf2 Rad8 23. Rxd5 cxd5 24. Nd3 Bd6 25. Bd2 Bf5 26. Nb4 Bc5+ 27. Kf1
a5 28. Nc6 Re8 29. b4 axb4 30. Bxb4 Bxb4 31. Nxb4 d4 32. Rc6 b5 33. Rc7 Nc4 34.
Kf2 Ne3 35. Rc5 Nd1+ 36. Ke1 Ne3 37. Kf2 Nd1+ 1/2-1/2

[Event "36th ECC Open 2021"]
[Site "Struga MKD"]
[Date "2021.09.20"]
[Round "3.17"]
[Board "5"]
[White "Miftari, Hedon"]
[Black "Andric, Jelena"]
[Result "1-0"]
[BlackTitle "WFM"]
[WhiteElo "2002"]
[BlackElo "2056"]
[WhiteTeam "Gostivar"]
[BlackTeam "Wasa SK"]
[WhiteFideId "15007065"]
[BlackFideId "919853"]
[EventDate "2021.09.18"]
[EventType "team"]

1. e4 e6 2. d4 d5 3. Nd2 Nf6 4. e5 Nfd7 5. Bd3 c5 6. c3 Nc6 7. Ne2 Qb6 8. Nf3
cxd4 9. cxd4 a5 10. O-O Nb4 11. Bb1 Nb8 12. a3 N4a6 13. Nf4 Nc6 14. Re1 Bd7 15.
b3 Nc7 16. h4 Nb5 17. Bb2 g6 18. a4 Nc7 19. Ng5 Ne7 20. Qf3 Nf5 21. Bxf5 exf5
22. Nxd5 Nxd5 23. Qxd5 Be6 24. Nxe6 fxe6 25. Qc4 Bb4 26. Red1 O-O 27. d5 Rac8
28. Qd3 Rfd8 29. d6 Bc5 30. Rd2 Qb4 31. g3 f4 32. Ba3 Qb6 33. Bxc5 Rxc5 34. Qd4
Qb4 35. Qxb4 axb4 36. gxf4 Rc3 37. Rb1 Kg7 38. Rd4 Kh6 39. Rxb4 Rd7 40. Rc4 Rxc4
41. bxc4 Kh5 42. Kg2 Kg4 43. c5 Kxf4 44. Rxb7 Rd8 45. c6 Kxe5 46. c7 1-0

[Event "36th ECC Open 2021"]
[Site "Struga MKD"]
[Date "2021.09.20"]
[Round "3.17"]
[Board "6"]
[White "Eriksson, Lennarth"]
[Black "Vladimirov, Vladimir MKD"]
[Result "1-0"]
[WhiteElo "1941"]
[BlackElo "2169"]
[WhiteTeam "Wasa SK"]
[BlackTeam "Gostivar"]
[WhiteFideId "1707736"]
[BlackFideId "15001040"]
[EventDate "2021.09.18"]
[EventType "team"]

1. d4 d6 2. Nf3 g6 3. g3 Bg7 4. Bg2 Nf6 5. b3 O-O 6. O-O Nc6 7. Bb2 e5 8. dxe5
Ng4 9. Qc1 Ngxe5 10. c4 Bg4 11. Nc3 Bxf3 12. Bxf3 Nxf3+ 13. exf3 Re8 14. Kg2 Qf6
15. Rb1 Ne5 16. Qd1 Qf5 17. Nd5 Rac8 18. f4 Nc6 19. Bxg7 Qe4+ 20. f3 Qe2+ 21.
Qxe2 Rxe2+ 22. Rf2 Rxf2+ 23. Kxf2 Kxg7 24. Re1 a5 25. a3 Nd4 26. Rb1 c6 27. Ne3
Re8 28. g4 f6 29. Rb2 Kf7 30. b4 axb4 31. axb4 Ke6 32. Rd2 c5 33. bxc5 dxc5 34.
Rb2 b5 35. cxb5 Rb8 36. b6 Kd6 37. Nc4+ Kd5 38. Ne3+ Kc6 39. h4 f5 40. Nc4 Nb5
41. Ne5+ Kxb6 1-0

[Event "36th ECC Open 2021"]
[Site "Struga MKD"]
[Date "2021.09.20"]
[Round "3.18"]
[Board "1"]
[White "Cumming, Rhys"]
[Black "Uruci, Endrit"]
[Result "1-0"]
[WhiteTitle "FM"]
[WhiteElo "2361"]
[BlackElo "2279"]
[WhiteTeam "Sussex Martlets"]
[BlackTeam "Dardania"]
[WhiteFideId "470163"]
[BlackFideId "22100199"]
[EventDate "2021.09.18"]
[EventType "team"]

1. e4 c6 2. d4 d5 3. exd5 cxd5 4. Bf4 Nc6 5. Nf3 Nf6 6. Nbd2 Bf5 7. Bb5 Qb6 8.
c4 a6 9. Bxc6+ bxc6 10. O-O e6 11. Ne5 Be7 12. c5 Qb5 13. a4 Qb7 14. Qb3 Rb8 15.
Qxb7 Rxb7 16. Ra2 Nh5 17. Be3 Rc7 18. h3 f6 19. Nef3 Bd3 20. g4 g5 21. gxh5 Bxf1
22. Kxf1 Kf7 23. Ne1 Rb7 24. Nd3 Bd8 25. b4 Bc7 26. Nb3 e5 27. b5 axb5 28. a5
Ke6 29. Nb4 Kd7 30. dxe5 fxe5 31. Bxg5 Rf8 32. f4 Bd8 33. Rf2 Bxg5 34. fxg5 Rbb8
35. a6 d4 36. Na5 e4 37. Naxc6 Rxf2+ 38. Kxf2 Rf8+ 39. Ke1 d3 40. g6 Kc7 41. Nd4
Re8 42. Nxb5+ 1-0

[Event "36th ECC Open 2021"]
[Site "Struga MKD"]
[Date "2021.09.20"]
[Round "3.18"]
[Board "2"]
[White "Saraci, Korab"]
[Black "Willson, Ollie"]
[Result "1-0"]
[WhiteElo "2154"]
[BlackElo "2082"]
[WhiteTeam "Dardania"]
[BlackTeam "Sussex Martlets"]
[WhiteFideId "4701968"]
[BlackFideId "424714"]
[EventDate "2021.09.18"]
[EventType "team"]

1. e4 e5 2. Nf3 Nc6 3. Bc4 Bc5 4. d3 Nf6 5. O-O d6 6. c3 a6 7. a4 O-O 8. Nbd2 h6
9. Re1 Ba7 10. Nf1 Ne7 11. Be3 Ng6 12. Ng3 Be6 13. Qb3 Qd7 14. d4 Bxc4 15. Qxc4
d5 16. exd5 Nxd5 17. dxe5 Nxe3 18. fxe3 Rae8 19. Rad1 Qc8 20. Qe4 f5 21. Qd5+
Kh7 22. Kh1 Re7 23. e4 c6 24. Qd2 fxe4 25. Rxe4 Qe6 26. Qc2 Bb8 27. Rde1 c5 28.
c4 Kh8 29. Qd2 Rfe8 30. h4 Qf7 31. Qc3 b6 32. Nh5 Qf5 33. g4 Qf7 34. e6 Qg8 35.
g5 Kh7 36. b3 Rf8 37. Nf6+ gxf6 38. gxf6 Rc7 1-0

[Event "36th ECC Open 2021"]
[Site "Struga MKD"]
[Date "2021.09.20"]
[Round "3.18"]
[Board "3"]
[White "Payne, Matthew J"]
[Black "Budima, Armend"]
[Result "1-0"]
[BlackTitle "CM"]
[WhiteElo "2150"]
[BlackElo "2171"]
[WhiteTeam "Sussex Martlets"]
[BlackTeam "Dardania"]
[WhiteFideId "417084"]
[BlackFideId "3612236"]
[EventDate "2021.09.18"]
[EventType "team"]

1. e4 c5 2. Nc3 Nc6 3. Bb5 g6 4. Bxc6 bxc6 5. d3 Bg7 6. f4 d6 7. Nf3 Rb8 8. O-O
c4 9. d4 Bg4 10. e5 d5 11. h3 Bxf3 12. Qxf3 e6 13. Ne2 Ne7 14. b3 Qa5 15. bxc4
dxc4 16. Ba3 Nd5 17. Rab1 Rb5 18. g4 c3 19. Bd6 Bf8 20. Bxf8 Rxf8 21. f5 gxf5
22. gxf5 Qa3 23. fxe6 fxe6 24. Qh5+ Kd8 25. Rxf8+ Qxf8 26. Rf1 Qg7+ 27. Kh2 Rb7
28. Ng3 Rb2 29. Rf2 Ne3 30. Qf3 Nxc2 31. Qxc3 Rxa2 32. Qxc6 Nb4 33. Qa8+ Ke7 1-0

[Event "36th ECC Open 2021"]
[Site "Struga MKD"]
[Date "2021.09.20"]
[Round "3.18"]
[Board "4"]
[White "Salihu, Sami"]
[Black "Bucher, Grant W"]
[Result "1-0"]
[WhiteElo "2207"]
[BlackElo "2114"]
[WhiteTeam "Dardania"]
[BlackTeam "Sussex Martlets"]
[WhiteFideId "935476"]
[BlackFideId "413810"]
[EventDate "2021.09.18"]
[EventType "team"]

1. d4 d5 2. c4 e6 3. Nc3 c6 4. Nf3 dxc4 5. a4 Bb4 6. e3 b5 7. Bd2 a5 8. g3 Bb7
9. Bg2 Nf6 10. Ne5 Qc7 11. O-O Bxc3 12. bxc3 Nbd7 13. f4 Nb6 14. axb5 cxb5 15.
Qb1 b4 16. Bxb7 Qxb7 17. cxb4 a4 18. b5 O-O 19. Bb4 Rfc8 20. Bc5 Nfd7 21. Nc6
Rxc6 22. bxc6 Qxc6 23. f5 Nxc5 24. dxc5 Qxc5 25. Qe4 Qd5 26. Qg4 exf5 27. Rxf5
Qe6 28. Qf3 Re8 29. Rb5 c3 30. Rc5 Rc8 31. Rxc8+ Qxc8 32. Qe4 g6 33. Qd4 c2 34.
Rc1 Qc6 35. Qd3 Qd5 36. Qxc2 Qb3 37. Qxb3 axb3 38. Rb1 Nc4 39. Rxb3 Nd2 40. Rb4
Nf3+ 41. Kf2 Ne5 42. Re4 Nd7 43. Re7 Nf8 44. e4 Kg7 45. e5 g5 46. Kf3 h5 47. Ke4
Kg6 48. Kd5 g4 49. Kd6 Nh7 50. Re8 Kg7 51. Ke7 f5 52. Ke6 Ng5+ 53. Kxf5 Nf3 54.
Re7+ Kh6 55. Re8 Nxh2 56. Rh8+ Kg7 57. Rxh5 1-0

[Event "36th ECC Open 2021"]
[Site "Struga MKD"]
[Date "2021.09.20"]
[Round "3.18"]
[Board "5"]
[White "Blake, J Morgan"]
[Black "Hamiti, Gani"]
[Result "0-1"]
[BlackTitle "FM"]
[WhiteElo "2006"]
[BlackElo "2123"]
[WhiteTeam "Sussex Martlets"]
[BlackTeam "Dardania"]
[WhiteFideId "423394"]
[BlackFideId "4701194"]
[EventDate "2021.09.18"]
[EventType "team"]

1. e4 e5 2. Nf3 Nc6 3. Bb5 f5 4. Nc3 fxe4 5. Nxe4 d5 6. Nxe5 dxe4 7. Nxc6 Qg5 8.
Qe2 Nf6 9. f4 Qxf4 10. Ne5+ c6 11. d4 Qh4+ 12. g3 Qh3 13. Bc4 Be6 14. Bg5 Bd6
15. Bxe6 Qxe6 16. Qc4 Nd5 17. O-O Bxe5 18. dxe5 Qxe5 19. Rae1 Qxg5 20. Qxe4+ Kd7
21. Rf5 Qd2 22. Rf2 Qb4 23. Rf7+ Kd6 24. Qe5+ Kc5 25. c3 Qb6 26. Re4 Rhe8 27.
Qd4+ Kd6 28. Rxe8 Qxd4+ 29. cxd4 Rxe8 0-1

[Event "36th ECC Open 2021"]
[Site "Struga MKD"]
[Date "2021.09.20"]
[Round "3.18"]
[Board "6"]
[White "Asllani, Ibrahim"]
[Black "Walker, Samuel A"]
[Result "1/2-1/2"]
[WhiteElo "2038"]
[BlackElo "2048"]
[WhiteTeam "Dardania"]
[BlackTeam "Sussex Martlets"]
[WhiteFideId "4701674"]
[BlackFideId "412813"]
[EventDate "2021.09.18"]
[EventType "team"]

1. d4 Nf6 2. Nf3 g6 3. g3 Bg7 4. Bg2 c5 5. O-O O-O 6. c4 cxd4 7. Nxd4 Nc6 8. Nc2
d6 9. Nc3 Nd7 10. e4 Nc5 11. Rb1 Be6 12. Nd5 Rc8 13. b4 Na4 14. Nce3 Bxd5 15.
Qxa4 Be6 16. Bb2 Qb6 17. Ba3 Nd4 18. c5 Ne2+ 19. Kh1 Nc3 20. cxb6 Nxa4 21. bxa7
Ra8 22. Rbc1 Rxa7 23. Rc7 Nb6 24. Bc1 Rc8 25. Rxc8+ Bxc8 26. a3 Be6 27. Rd1 Nc4
28. Nxc4 Bxc4 29. Bf1 Bxf1 30. Rxf1 b5 31. Rd1 Rc7 32. Kg2 Kf8 33. Kf3 Ke8 34.
h4 h5 35. Be3 Kd7 36. Rd5 Rb7 37. Rd3 e6 38. Bd4 Bxd4 39. Rxd4 Rc7 40. Rd2 Rc4
41. Ke3 f5 42. Rd4 Rc3+ 43. Rd3 Rc2 44. e5 d5 45. f4 Kc6 46. Rb3 Kb6 47. Kd3 Rg2
48. Kd4 Rg1 49. Rd3 1/2-1/2

[Event "36th ECC Open 2021"]
[Site "Struga MKD"]
[Date "2021.09.20"]
[Round "3.19"]
[Board "1"]
[White "Bosboom, Manuel"]
[Black "Vogel, Constantin"]
[Result "1/2-1/2"]
[WhiteTitle "IM"]
[WhiteElo "2395"]
[BlackElo "2149"]
[WhiteTeam "En Passant"]
[BlackTeam "St Benildus"]
[WhiteFideId "1000080"]
[BlackFideId "12960071"]
[EventDate "2021.09.18"]
[EventType "team"]

1. c4 Nf6 2. Nf3 b6 3. d4 e6 4. a3 Bb7 5. Nc3 d5 6. Bg5 Be7 7. Qa4+ c6 8. Bxf6
Bxf6 9. cxd5 exd5 10. g3 O-O 11. Bg2 Re8 12. O-O Nd7 13. Rfd1 g6 14. Rac1 Bg7
15. e3 Qe7 16. Ne1 Nf6 17. Nd3 a5 18. Qb3 b5 19. Ne2 h5 20. Ne5 Rac8 21. a4 b4
22. Nf4 c5 23. Nxd5 Nxd5 24. Bxd5 Bxd5 25. Qxd5 Bxe5 26. Qxe5 Qxe5 27. dxe5 Rxe5
28. Rc4 Kf8 29. Rd7 Re7 30. Rd5 Rec7 31. Kg2 Ke7 32. Kf3 Ke6 33. e4 Rd7 34.
Rcxc5 Rxc5 35. Rxc5 Rd2 36. Rxa5 Rxb2 37. Rb5 b3 38. Rb6+ Ke7 39. a5 Ra2 40. a6
b2 41. h4 Rxa6 42. Rxb2 Kf6 43. Kf4 Re6 44. f3 Ra6 45. Rd2 Ra4 46. Rd6+ Kg7 47.
Rb6 Rc4 48. Rb7 Kf6 49. g4 hxg4 50. fxg4 Ra4 51. Rb6+ Kg7 52. h5 Ra1 53. hxg6
Rf1+ 54. Kg3 f6 55. e5 fxe5 1/2-1/2

[Event "36th ECC Open 2021"]
[Site "Struga MKD"]
[Date "2021.09.20"]
[Round "3.19"]
[Board "2"]
[White "Putar, Leon"]
[Black "De Graaf, Dick"]
[Result "1/2-1/2"]
[WhiteElo "1918"]
[BlackElo "2076"]
[WhiteTeam "St Benildus"]
[BlackTeam "En Passant"]
[WhiteFideId "14546612"]
[BlackFideId "1005677"]
[EventDate "2021.09.18"]
[EventType "team"]

1. e4 d6 2. d4 Nf6 3. Nc3 g6 4. f4 Bg7 5. Nf3 O-O 6. Bd3 Nc6 7. e5 dxe5 8. fxe5
Nh5 9. Be3 Nb4 10. Be2 f6 11. Bc4+ Kh8 12. exf6 Nxf6 13. O-O c6 14. Qd2 Bf5 15.
Ng5 Nfd5 16. Nxd5 Nxd5 17. c3 h6 18. g4 Nxe3 19. Qxe3 Bxg4 20. Nf7+ Rxf7 21.
Rxf7 e5 22. dxe5 b5 23. Bb3 Qh4 24. Raf1 Bf5 25. Re1 Bf8 26. Re2 Rd8 27. e6 Bc5
28. Qxc5 Qg5+ 29. Kf2 Qf4+ 30. Kg2 Qg5+ 31. Kf2 Qf4+ 32. Ke1 Qc1+ 33. Kf2 Qf4+ 1/2-1/2

[Event "36th ECC Open 2021"]
[Site "Struga MKD"]
[Date "2021.09.20"]
[Round "3.19"]
[Board "3"]
[White "Van Twillert, Laurents"]
[Black "Putar, Lara"]
[Result "1-0"]
[WhiteTitle "CM"]
[WhiteElo "2082"]
[BlackElo "1930"]
[WhiteTeam "En Passant"]
[BlackTeam "St Benildus"]
[WhiteFideId "1009800"]
[BlackFideId "14546604"]
[EventDate "2021.09.18"]
[EventType "team"]

1. e4 e6 2. d4 d5 3. Nc3 Bb4 4. e5 c5 5. Bd2 Ne7 6. Nb5 Bxd2+ 7. Qxd2 O-O 8. f4
Nf5 9. dxc5 Na6 10. Qf2 Bd7 11. c3 f6 12. Nd6 Nxd6 13. exd6 e5 14. Bxa6 bxa6 15.
Qd2 Qc8 16. b4 Bc6 17. Nf3 d4 18. O-O dxc3 19. Qxc3 Qg4 20. Qc4+ Kh8 21. Qxa6
Rac8 22. Qc4 a6 23. a4 Rb8 24. Kh1 h5 25. Qxa6 Bd5 26. Qd3 Bc6 27. Qd2 h4 28. b5
Be4 29. h3 Qe6 30. c6 g5 31. fxg5 Rg8 32. Qe3 Bxf3 33. Qxf3 Rxg5 34. Qxf6+ Qxf6
35. Rxf6 Rbg8 36. Rf2 e4 37. d7 Rd5 38. Rf4 e3 39. Rxh4+ Kg7 40. Rg4+ Kf7 41.
Rf1+ Ke7 42. Rxg8 e2 43. Re1 1-0

[Event "36th ECC Open 2021"]
[Site "Struga MKD"]
[Date "2021.09.20"]
[Round "3.19"]
[Board "4"]
[White "Healy, John"]
[Black "Reichardt, Robin"]
[Result "1/2-1/2"]
[WhiteElo "1889"]
[BlackElo "2051"]
[WhiteTeam "St Benildus"]
[BlackTeam "En Passant"]
[WhiteFideId "2500965"]
[BlackFideId "1051067"]
[EventDate "2021.09.18"]
[EventType "team"]

1. e4 e5 2. Nf3 Nc6 3. Bc4 Nf6 4. d3 Be7 5. O-O O-O 6. Re1 d6 7. c3 Na5 8. Bb5
a6 9. Ba4 b5 10. Bc2 c5 11. Nbd2 Nc6 12. a4 Be6 13. Nf1 Qc7 14. Ng3 Rad8 15. Qe2
b4 16. Nf5 bxc3 17. bxc3 Bxf5 18. exf5 Nd5 19. Bd2 Bf6 20. Qe4 Nf4 21. g3 d5 22.
Qe3 d4 23. Qe4 Nd5 24. c4 Nc3 25. Bxc3 dxc3 26. g4 Nd4 27. Rac1 Nxf3+ 28. Qxf3
Bg5 29. Rb1 Rb8 30. Qe4 Rb2 31. Rxb2 cxb2 32. Qxe5 Qxe5 33. Rxe5 h5 34. h3 Rb8
35. Rxc5 b1=Q+ 36. Bxb1 Rxb1+ 37. Kg2 Bh4 38. d4 Rb2 39. Kf3 Rb3+ 40. Kg2 1/2-1/2

[Event "36th ECC Open 2021"]
[Site "Struga MKD"]
[Date "2021.09.20"]
[Round "3.19"]
[Board "5"]
[White "Reichardt, Jasper"]
[Black "Burke, Kevin A."]
[Result "1-0"]
[WhiteElo "1977"]
[BlackElo "1883"]
[WhiteTeam "En Passant"]
[BlackTeam "St Benildus"]
[WhiteFideId "1046578"]
[BlackFideId "2501520"]
[EventDate "2021.09.18"]
[EventType "team"]

1. c4 f5 2. Nc3 Nf6 3. g3 d6 4. Bg2 e5 5. e3 Be7 6. Nge2 c6 7. O-O O-O 8. d3 Qe8
9. f4 Na6 10. a3 Nc7 11. b4 h5 12. b5 c5 13. fxe5 dxe5 14. d4 e4 15. d5 Bd6 16.
Bh3 Ng4 17. Bxg4 hxg4 18. Bb2 Qh5 19. Qd2 Ne8 20. Nf4 Qh6 21. Rad1 g5 22. Ne6
Rf7 23. Rf2 Bxe6 24. dxe6 Qxe6 25. Qd5 Qd7 26. Rdf1 Nc7 27. Qxb7 Rff8 28. Nd5
Rab8 29. Qxb8 Nxd5 30. Qxf8+ Bxf8 31. cxd5 Qxb5 32. Rxf5 Qxb2 33. Rxf8+ Kg7 34.
d6 Qd2 35. R8f7+ Kg8 36. d7 1-0

[Event "36th ECC Open 2021"]
[Site "Struga MKD"]
[Date "2021.09.20"]
[Round "3.19"]
[Board "6"]
[White "Novak, Vjekoslav"]
[Black "Reichardt, Thomas"]
[Result "1/2-1/2"]
[WhiteElo "1721"]
[BlackElo "1793"]
[WhiteTeam "St Benildus"]
[BlackTeam "En Passant"]
[WhiteFideId "14511584"]
[BlackFideId "1046586"]
[EventDate "2021.09.18"]
[EventType "team"]

1. f4 d5 2. Nf3 Nf6 3. e3 g6 4. b3 Bg7 5. Bb2 O-O 6. Be2 c5 7. O-O Nc6 8. Ne5 d4
9. Nxc6 bxc6 10. Na3 Be6 11. Nc4 Nd5 12. Bf3 Qc7 13. a3 Rfd8 14. Qe1 Nb6 15. Na5
Nd5 16. Nc4 Nb6 17. Na5 Nd5 18. Nc4 1/2-1/2

[Event "36th ECC Open 2021"]
[Site "Struga MKD"]
[Date "2021.09.21"]
[Round "4.1"]
[Board "1"]
[White "Svidler, Peter"]
[Black "Grischuk, Alexander"]
[Result "1/2-1/2"]
[WhiteTitle "GM"]
[BlackTitle "GM"]
[WhiteElo "2701"]
[BlackElo "2775"]
[WhiteTeam "Mednyi Vsadnik"]
[BlackTeam "KPRF"]
[WhiteFideId "4102142"]
[BlackFideId "4126025"]
[EventDate "2021.09.18"]
[EventType "team"]

1. e4 e5 2. Nf3 Nf6 3. Nxe5 d6 4. Nf3 Nxe4 5. d4 d5 6. Bd3 Bd6 7. O-O O-O 8. c4
c6 9. cxd5 cxd5 10. Nc3 Nxc3 11. bxc3 Bg4 12. h3 Bh5 13. Rb1 Nd7 14. Rb5 Nf6 15.
g4 a6 16. Rxb7 Bxg4 17. hxg4 Qc8 18. Rb6 Qxg4+ 19. Kh1 Qh3+ 20. Kg1 Qg4+ 21. Kh1
Qh3+ 22. Kg1 Qg4+ 23. Kh1 Qh3+ 24. Kg1 Qg4+ 25. Kh1 Qh3+ 26. Kg1 Qg4+ 27. Kh1
Qh3+ 28. Kg1 Qg4+ 29. Kh1 Qh3+ 30. Kg1 Qg4+ 1/2-1/2

[Event "36th ECC Open 2021"]
[Site "Struga MKD"]
[Date "2021.09.21"]
[Round "4.1"]
[Board "2"]
[White "Malakhov, Vladimir"]
[Black "Esipenko, Andrey"]
[Result "0-1"]
[WhiteTitle "GM"]
[BlackTitle "GM"]
[WhiteElo "2666"]
[BlackElo "2720"]
[WhiteTeam "KPRF"]
[BlackTeam "Mednyi Vsadnik"]
[WhiteFideId "4120787"]
[BlackFideId "24175439"]
[EventDate "2021.09.18"]
[EventType "team"]

1. Nf3 d5 2. g3 Nc6 3. d4 Bf5 4. Bg2 Nb4 5. Na3 e6 6. O-O Nc6 7. b3 Nf6 8. Bb2
h5 9. c4 Ne4 10. Nc2 h4 11. Ne3 hxg3 12. hxg3 Bg6 13. Rc1 Be7 14. b4 Bg5 15. Qb3
a5 16. cxd5 a4 17. Qc4 Bxe3 18. dxc6 b5 19. Qxb5 Nxf2 20. Rxf2 a3 21. Bc3 Rh5
22. Ne5 Bxc1 23. Bf3 Qg5 24. Bxh5 Qxg3+ 25. Kf1 Qh3+ 26. Kg1 Be3 27. Be1 Qxh5
28. Qb7 Rd8 29. Nf3 Qg4+ 30. Kf1 Bxf2 31. Bxf2 Qf4 32. b5 Be4 33. Kg2 g5 34. b6
cxb6 35. Kg1 Qc1+ 0-1

[Event "36th ECC Open 2021"]
[Site "Struga MKD"]
[Date "2021.09.21"]
[Round "4.1"]
[Board "3"]
[White "Fedoseev, Vladimir3"]
[Black "Dreev, Aleksey"]
[Result "1/2-1/2"]
[WhiteTitle "GM"]
[BlackTitle "GM"]
[WhiteElo "2708"]
[BlackElo "2637"]
[WhiteTeam "Mednyi Vsadnik"]
[BlackTeam "KPRF"]
[WhiteFideId "24130737"]
[BlackFideId "4100107"]
[EventDate "2021.09.18"]
[EventType "team"]

1. e4 c6 2. d4 d5 3. e5 Bf5 4. Nd2 e6 5. Nb3 Nd7 6. Nf3 Qc7 7. Be2 c5 8. c3 c4
9. Nbd2 h6 10. Nf1 Ne7 11. Ne3 Bh7 12. O-O Nf5 13. Ne1 f6 14. Bh5+ g6 15. Nxf5
exf5 16. Be2 fxe5 17. dxe5 Nxe5 18. Qxd5 Bg8 19. Qb5+ Nd7 20. Be3 a6 21. Qa4 Bc5
22. Bxc5 b5 23. Qd1 Nxc5 24. Qd4 Rh7 25. Qf6 Re7 26. Qxg6+ Bf7 27. Qf6 O-O-O 28.
Rd1 Rxe2 29. Rxd8+ Qxd8 30. Qxf5+ Kb8 31. Qxc5 Bd5 32. b4 Bb7 33. a4 Qg8 34. g3
bxa4 35. Ng2 Qg4 36. Rd1 Re8 37. Qd6+ Ka8 38. Re1 Rxe1+ 39. Nxe1 Qe4 40. Kf1 a3
41. b5 Bc8 42. f3 Qe3 43. Qf8 Kb8 44. Qd6+ Ka8 45. Qf8 Kb8 46. Qd6+ Ka8 47. Qd8
Kb8 48. Qd6+ 1/2-1/2

[Event "36th ECC Open 2021"]
[Site "Struga MKD"]
[Date "2021.09.21"]
[Round "4.1"]
[Board "4"]
[White "Rublevsky, Sergei"]
[Black "Alekseenko, Kirill"]
[Result "0-1"]
[WhiteTitle "GM"]
[BlackTitle "GM"]
[WhiteElo "2641"]
[BlackElo "2693"]
[WhiteTeam "KPRF"]
[BlackTeam "Mednyi Vsadnik"]
[WhiteFideId "4115309"]
[BlackFideId "4135539"]
[EventDate "2021.09.18"]
[EventType "team"]

1. e4 c5 2. Nf3 d6 3. d4 cxd4 4. Nxd4 Nf6 5. Nc3 a6 6. Be2 e5 7. Nb3 Be7 8. O-O
O-O 9. Re1 h6 10. a4 Be6 11. Bf3 Nh7 12. Nd5 Bg5 13. Be3 Bxe3 14. Rxe3 Ng5 15.
Rd3 Nc6 16. a5 f5 17. exf5 Bxf5 18. Re3 Nxf3+ 19. Rxf3 Qh4 20. Ne3 Be6 21. Rxf8+
Rxf8 22. Qd2 Kh8 23. Rd1 Bxb3 24. cxb3 Nd4 25. b4 d5 26. h3 Rf3 27. Nf1 Rxh3 28.
Ng3 Qf6 29. Qc1 Rxg3 30. Qc8+ Kh7 31. fxg3 e4 32. Kh2 Qe5 33. Rxd4 Qxd4 34. b5
Qe5 35. bxa6 bxa6 36. Qxa6 d4 37. Qc4 d3 38. a6 Qh5+ 39. Kg1 d2 40. Qxe4+ Qg6 0-1